00979nas a2200229Ia 4500001001100000003000900011008004100020040001300061040001300074041001300087100004300100210001900143222001900162245010900181250001100290260002300301501008600324300002000410362001600430500026000446650004300706R109/G8422IT-RoPAU151124c99999999xx |||||||||||| ||und|| aIT-RoPAU cIT-RoPAU aFRANCESE aBaboulet LucgCodice Aut. SPICS: 55864 aCOMMUNICATIONS aCommunications aCOMMUNICATIONS, N.71 (2001)bDu Document Au Monument. Quelques Jalons Pour Une Legende De L'Architecture a1a ed. aPARISbSEUILc2001 bPaulus - SPICS - Società San Paolo EM (non-commercial uses only)cCopyright2015 a29 p. [435-463] aN.71 (2001) aDal Documento al Monumento. Alcuni Fondamenti per una Leggenda dell'Architettura. Nuovo Rapporto al Documento. Oggetti Monumentali, Serie Documentarie. Leggenda dei Silos. Fantascienza. Come Costruire una Serie Documentaria?Leggenda di Las Vegas. Verso un aCOMUNICAZIONEvPUBBLICAZIONE PERIODICA